[Event "Milan SSM op 09"]
[Site "Milan"]
[Date "2014.09.26"]
[Round "4"]
[White "Brisotto, Stefano"]
[Black "Verderame, Alberto"]
[Result "1-0"]
[WhiteElo "1464"]
[BlackElo "1474"]
[PlyCount "45"]
[EventDate "2014.09.16"]
[EventType "swiss"]
[EventRounds "8"]
[EventCountry "ITA"]
[SourceTitle "EXT 2016"]
[Source "ChessBase"]
[SourceDate "2015.10.08"]
[SourceVersion "1"]
[SourceVersionDate "2015.10.08"]
[SourceQuality "1"]

1. e4 d6 2. d4 Nf6 3. Nc3 c6 4. f4 Qa5 5. Bd3 Bg4 6. Nf3 e5 7. dxe5 Bxf3 8. Qxf3 dxe5 9. fxe5 Qxe5 10. Bf4 Qa5 11. 0-0-0 Bb4 12. Bd2 0-0 13. Kb1 Nbd7 14. a3 Be7 15. Nd5 Qd8 16. Nxe7+ Qxe7 17. Bg5 Ne5 18. Bxf6 Qxf6 19. Qxf6 gxf6 20. Rhf1 Ng4 21. Rf4 Nxh2 22. Rh1 h5 23. Rxh2 1-0

[Event "Milan SSM op 09"]
[Site "Milan"]
[Date "2014.09.16"]
[Round "1"]
[White "Mei, Gianluca"]
[Black "Verderame, Alberto"]
[Result "1-0"]
[WhiteElo "1842"]
[BlackElo "1474"]
[PlyCount "91"]
[EventDate "2014.09.16"]
[EventType "swiss"]
[EventRounds "8"]
[EventCountry "ITA"]
[SourceTitle "EXT 2016"]
[Source "ChessBase"]
[SourceDate "2015.10.08"]
[SourceVersion "1"]
[SourceVersionDate "2015.10.08"]
[SourceQuality "1"]

1. e4 d6 2. d4 Nf6 3. Nc3 c6 4. Nf3 Bg4 5. Be2 e6 6. 0-0 d5 7. e5 Nfd7 8. Re1 Be7 9. Bf4 0-0 10. Qd2 Bxf3 11. Bxf3 c5 12. Ne2 Na6 13. a3 Nc7 14. c3 a5 15. Ng3 b5 16. Bd1 b4 17. Bc2 bxa3 18. Qd3 f5 19. exf6 Nxf6 20. bxa3 c4 21. Qe3 Bd6 22. Bxd6 Qxd6 23. f3 Ra6 24. Reb1 a4 25. Rb4 Qd7 26. Ne2 Re8 27. Qe5 Kh8 28. Rb7 Rc8 29. Rab1 Qd6 30. Qxd6 Rxd6 31. R1b4 Nd7 32. Bxa4 e5 33. Bxd7 Rxd7 34. dxe5 Rdd8 35. Nd4 Na6 36. R4b6 Nc5 37. Ra7 Nd3 38. e6 Re8 39. Rbb7 Rb8 40. h4 Rxb7 41. Rxb7 Nc5 42. Rc7 Na4 43. e7 h5 44. Rd7 Kh7 45. Nf5 Nxc3 46. Rd8 1-0

[Event "Milan SSM op-B 08"]
[Site "Milan"]
[Date "2014.08.03"]
[Round "6"]
[White "Biava, Pierluigi"]
[Black "Verderame, Alberto"]
[Result "1-0"]
[WhiteElo "1613"]
[BlackElo "1481"]
[PlyCount "69"]
[EventDate "2014.07.29"]
[EventType "swiss"]
[EventRounds "7"]
[EventCountry "ITA"]
[SourceTitle "EXT 2022"]
[Source "ChessBase"]
[SourceDate "2021.10.06"]
[SourceVersion "1"]
[SourceVersionDate "2021.10.06"]
[SourceQuality "1"]

1. e4 d6 2. d4 Nf6 3. Nc3 c6 4. h3 b5 5. a3 Bb7 6. Be3 e6 7. Nf3 d5 8. Bd3 a5 9. e5 Nfd7 10. 0-0 Be7 11. Ne2 0-0 12. c3 Ba6 13. Qc2 f5 14. exf6 Nxf6 15. Ne5 b4 16. Ng3 Bxd3 17. Qxd3 b3 18. Rae1 a4 19. f4 Qc7 20. f5 Nbd7 21. Bf4 Nxe5 22. Bxe5 Bd6 23. fxe6 Bxe5 24. Rxe5 Rfe8 25. Nf5 g6 26. Nh6+ Kg7 27. g4 Re7 28. g5 Ne4 29. h4 Rae8 30. Qh3 c5 31. h5 cxd4 32. cxd4 Qc2 33. hxg6 hxg6 34. Nf7 Nxg5 35. Qh6+ 1-0

[Event "Milan SSM op 07"]
[Site "Milan"]
[Date "2014.07.06"]
[Round "4"]
[White "Vece, Luigi"]
[Black "Verderame, Alberto"]
[Result "1-0"]
[WhiteElo "1641"]
[BlackElo "1481"]
[PlyCount "63"]
[EventDate "2014.07.03"]
[EventType "swiss"]
[EventRounds "5"]
[EventCountry "ITA"]
[SourceTitle "EXT 2016"]
[Source "ChessBase"]
[SourceDate "2015.10.08"]
[SourceVersion "1"]
[SourceVersionDate "2015.10.08"]
[SourceQuality "1"]

1. e4 d6 2. Nf3 Bg4 3. Bc4 Nf6 4. Nc3 c6 5. a4 a5 6. d4 e6 7. 0-0 Be7 8. h3 Bh5 9. Bf4 0-0 10. e5 Nd5 11. Nxd5 cxd5 12. Bd3 dxe5 13. dxe5 Nc6 14. g4 Bg6 15. c3 Bxd3 16. Qxd3 f6 17. Qe3 fxe5 18. Nxe5 Nxe5 19. Qxe5 Ra6 20. Bg3 Bd6 21. Qe3 Be7 22. Rfe1 Bh4 23. Rad1 Bxg3 24. Qxg3 Kh8 25. Re2 Qd7 26. b3 b5 27. Qd3 Rb6 28. Qd4 Rd6 29. h4 bxa4 30. bxa4 Rc6 31. c4 Rxc4 32. Qxc4 1-0

[Event "Milan Palladino Memorial-B 6th"]
[Site "Milan"]
[Date "2014.04.20"]
[Round "5"]
[White "Verderame, Alberto"]
[Black "Greco, Giovanni"]
[Result "0-1"]
[WhiteElo "1485"]
[BlackElo "1433"]
[PlyCount "64"]
[EventDate "2014.04.17"]
[EventType "swiss"]
[EventRounds "7"]
[EventCountry "ITA"]
[SourceTitle "EXT 2015"]
[Source "ChessBase"]
[SourceDate "2014.11.20"]
[SourceVersion "1"]
[SourceVersionDate "2014.11.20"]
[SourceQuality "1"]

1. Nf3 Nc6 2. d4 d5 3. c3 Nf6 4. Nbd2 g6 5. b3 Bg7 6. Bb2 0-0 7. e3 Re8 8. Bd3 e5 9. dxe5 Nxe5 10. Nxe5 Rxe5 11. 0-0 Re8 12. Rb1 c6 13. Nf3 Bg4 14. Be2 Bxf3 15. Bxf3 Qc7 16. b4 Rad8 17. a4 a6 18. Qc2 Nd7 19. c4 Ne5 20. Bxe5 Qxe5 21. Qb3 dxc4 22. Qxc4 Rd6 23. b5 Qc3 24. Qxc3 Bxc3 25. bxc6 bxc6 26. Rbc1 Be5 27. Bxc6 Rc8 28. Bb7 Rb8 29. Bxa6 Rxa6 30. Rc4 Rba8 31. f4 Bf6 32. f5 Rxa4 0-1

[Event "Milan Palladino Memorial-B 6th"]
[Site "Milan"]
[Date "2014.04.17"]
[Round "1"]
[White "Verderame, Alberto"]
[Black "Carbone, Lorenzo"]
[Result "0-1"]
[WhiteElo "1485"]
[BlackElo "1651"]
[PlyCount "56"]
[EventDate "2014.04.17"]
[EventType "swiss"]
[EventRounds "7"]
[EventCountry "ITA"]
[SourceTitle "EXT 2015"]
[Source "ChessBase"]
[SourceDate "2014.11.20"]
[SourceVersion "1"]
[SourceVersionDate "2014.11.20"]
[SourceQuality "1"]

1. Nf3 c5 2. c3 Nf6 3. b3 e6 4. d4 cxd4 5. cxd4 Be7 6. Bb2 d5 7. Nbd2 0-0 8. e3 b6 9. Bd3 Ba6 10. Bxa6 Nxa6 11. a3 Rc8 12. Qe2 Nc7 13. 0-0 Qd7 14. Ne5 Qb5 15. Qe1 Qe8 16. b4 Nb5 17. Kh1 Nd6 18. f4 Rc2 19. Rb1 Qb5 20. Rf3 Rfc8 21. Rh3 Nde4 22. Nxe4 Nxe4 23. Ng4 Re2 24. Qd1 Rd2 25. Qe1 Rcc2 26. Ba1 Rxg2 27. Qd1 f5 28. Ne5 Nf2+ 0-1

[Event "Milan Carnevale op-B 5th"]
[Site "Milan"]
[Date "2014.03.09"]
[Round "6"]
[White "Fantina, Carla"]
[Black "Verderame, Alberto"]
[Result "0-1"]
[WhiteElo "1437"]
[BlackElo "1495"]
[PlyCount "90"]
[EventDate "2014.03.05"]
[EventType "swiss"]
[EventRounds "6"]
[EventCountry "ITA"]
[SourceTitle "EXT 2015"]
[Source "ChessBase"]
[SourceDate "2014.11.20"]
[SourceVersion "1"]
[SourceVersionDate "2014.11.20"]
[SourceQuality "1"]

1. c4 c6 2. Nc3 d5 3. e3 Bf5 4. d4 Nf6 5. Nf3 e6 6. Be2 dxc4 7. Bxc4 b5 8. Bb3 b4 9. Ne2 Bd6 10. 0-0 Be4 11. Ng3 Bd5 12. Nd2 0-0 13. Nc4 Bc7 14. Re1 a5 15. Ne5 Ne4 16. Bxd5 cxd5 17. Qg4 Bxe5 18. dxe5 Nd7 19. f4 Ndc5 20. Rd1 f6 21. Nxe4 Nxe4 22. Qxe6+ Kh8 23. Qxd5 fxe5 24. Qxd8 Raxd8 25. Rxd8 Rxd8 26. g3 exf4 27. exf4 Rd1+ 28. Kg2 a4 29. Kf3 Nd2+ 30. Ke2 Rh1 31. Kxd2 Rxh2+ 32. Ke1 Rg2 33. Be3 Rxg3 34. Kf2 Rh3 35. Rd1 h5 36. Rd8+ Kh7 37. Bd4 h4 38. Rb8 Rh2+ 39. Ke3 h3 40. Rb7 Rg2 41. Kf3 Rg6 42. f5 Rg5 43. f6 h2 44. Rxg7+ Rxg7 45. fxg7 h1Q+ 0-1

[Event "Milan SSM op"]
[Site "Milan"]
[Date "2014.01.28"]
[Round "5"]
[White "Verderame, Alberto"]
[Black "Brisotto, Stefano"]
[Result "1/2-1/2"]
[WhiteElo "1474"]
[BlackElo "1492"]
[PlyCount "76"]
[EventDate "2014.01.14"]
[EventType "swiss"]
[EventRounds "8"]
[EventCountry "ITA"]
[SourceTitle "EXT 2015"]
[Source "ChessBase"]
[SourceDate "2014.11.20"]
[SourceVersion "1"]
[SourceVersionDate "2014.11.20"]
[SourceQuality "1"]

1. Nf3 c5 2. b3 Nc6 3. c3 Nf6 4. d4 e6 5. Nbd2 cxd4 6. cxd4 Bb4 7. Bb2 d5 8. a3 Bd6 9. e3 0-0 10. Bd3 Bd7 11. Qe2 a6 12. 0-0 Rc8 13. Ne5 Re8 14. Nxd7 Qxd7 15. e4 e5 16. dxe5 Nxe5 17. exd5 Neg4 18. Ne4 Bxh2+ 19. Kh1 Bb8 20. Bxf6 Nxf6 21. Nxf6+ gxf6 22. Qd1 Qd6 23. g3 Qxd5+ 24. Kg1 Qg5 25. Kg2 f5 26. Rh1 Rcd8 27. Rh5 Qg7 28. Rxf5 Rxd3 29. Qxd3 Qxa1 30. Rg5+ Kf8 31. Qxh7 Re1 32. Qg8+ Ke7 33. Qxb8 Rg1+ 34. Kf3 Qd1+ 35. Kf4 Qd2+ 36. Kf5 Qd7+ 37. Kf4 Qd4+ 38. Kf5 Qd3+ 1/2-1/2

[Event "Milan SSM op"]
[Site "Milan"]
[Date "2014.01.24"]
[Round "4"]
[White "Verderame, Alberto"]
[Black "Alidosi, Marco"]
[Result "0-1"]
[WhiteElo "1474"]
[BlackElo "1775"]
[PlyCount "64"]
[EventDate "2014.01.14"]
[EventType "swiss"]
[EventRounds "8"]
[EventCountry "ITA"]
[SourceTitle "EXT 2015"]
[Source "ChessBase"]
[SourceDate "2014.11.20"]
[SourceVersion "1"]
[SourceVersionDate "2014.11.20"]
[SourceQuality "1"]

1. Nf3 Nf6 2. d4 g6 3. b3 Bg7 4. Bb2 0-0 5. Nbd2 d6 6. e3 Nbd7 7. Bd3 b6 8. Qe2 a5 9. a4 Bb7 10. 0-0 Re8 11. e4 Nh5 12. Qe3 e6 13. e5 dxe5 14. Nxe5 Nhf6 15. c4 Nxe5 16. Qxe5 Ne4 17. Qf4 Nxd2 18. Qxd2 Bxd4 19. Bxd4 Qxd4 20. Rad1 Rad8 21. Rfe1 Qg4 22. g3 Qf3 23. Kf1 Qg2+ 24. Ke2 Bf3+ 25. Ke3 Bxd1 26. Rxd1 Qxh2 27. Qc1 Qh6+ 28. f4 e5 29. Kf2 exf4 30. Kg2 f3+ 31. Kxf3 Qxc1 32. Rxc1 Rxd3+ 0-1

[Event "Milan SSM op"]
[Site "Milan"]
[Date "2014.01.16"]
[Round "2"]
[White "Verderame, Alberto"]
[Black "Dicuonzo, Antonio"]
[Result "1-0"]
[WhiteElo "1474"]
[BlackElo "1645"]
[PlyCount "73"]
[EventDate "2014.01.14"]
[EventType "swiss"]
[EventRounds "8"]
[EventCountry "ITA"]
[SourceTitle "EXT 2015"]
[Source "ChessBase"]
[SourceDate "2014.11.20"]
[SourceVersion "1"]
[SourceVersionDate "2014.11.20"]
[SourceQuality "1"]

1. Nf3 Nf6 2. d4 d5 3. b3 e6 4. Bb2 Be7 5. Nbd2 Nbd7 6. e3 0-0 7. Bd3 c5 8. Qe2 a6 9. 0-0 Qc7 10. Ne5 b5 11. c4 Rb8 12. cxd5 exd5 13. Rac1 c4 14. Bc2 Kh8 15. Bf5 Nxe5 16. Bxc8 Nd3 17. Qxd3 Rfxc8 18. Qc2 Ng4 19. Nf3 Rb6 20. Ne5 Nxe5 21. dxe5 Rc6 22. bxc4 dxc4 23. a3 c3 24. Ba1 Bxa3 25. Rb1 Qxe5 26. Rfd1 Bd6 27. g3 b4 28. Rd3 a5 29. f4 Qb5 30. Bxc3 Qf5 31. Rbd1 Be7 32. Rd8+ Bxd8 33. Qxf5 Rxc3 34. Qb5 g6 35. Qe5+ Kg8 36. Qe8+ Kg7 37. Rxd8 1-0

[Event "Milan Crespi op-B 34th"]
[Site "Milan"]
[Date "2013.12.04"]
[Round "1"]
[White "Conta, Diego"]
[Black "Verderame, Alberto"]
[Result "1-0"]
[WhiteElo "1652"]
[BlackElo "1462"]
[PlyCount "47"]
[EventDate "2013.12.04"]
[EventType "swiss"]
[EventRounds "7"]
[EventCountry "ITA"]
[SourceTitle "EXT 2015"]
[Source "ChessBase"]
[SourceDate "2014.11.20"]
[SourceVersion "1"]
[SourceVersionDate "2014.11.20"]
[SourceQuality "1"]

1. e4 d6 2. f4 Nf6 3. Nc3 c6 4. Nf3 Bg4 5. h3 Bh5 6. g4 Nxg4 7. hxg4 Bxg4 8. Bh3 Bxh3 9. Rxh3 Nd7 10. b3 e5 11. f5 Be7 12. d3 Nf6 13. Bb2 Qb6 14. Qe2 Ng4 15. Bc1 Qc5 16. Na4 Qa5+ 17. Bd2 Qd8 18. 0-0-0 b5 19. Rg1 bxa4 20. Rxg4 axb3 21. cxb3 Bf6 22. Bg5 Bxg5+ 23. Rxg5 Qa5 24. Rxg7 1-0

[Event "Milan Crespi op-C 33rd"]
[Site "Milan"]
[Date "2012.12.07"]
[Round "3"]
[White "Versari, Marino"]
[Black "Verderame, Alberto"]
[Result "1-0"]
[WhiteElo "1583"]
[BlackElo "1421"]
[PlyCount "63"]
[EventDate "2012.12.05"]
[EventType "swiss"]
[EventRounds "7"]
[EventCountry "ITA"]
[SourceTitle "EXT 2024"]
[Source "ChessBase"]
[SourceDate "2023.10.10"]
[SourceVersion "1"]
[SourceVersionDate "2023.10.10"]
[SourceQuality "1"]

1. d4 d5 2. c4 c6 3. Nc3 Nf6 4. Nf3 dxc4 5. e3 b5 6. a4 a6 7. axb5 cxb5 8. Nxb5 Bb7 9. Nc3 Qc7 10. Ra4 Bxf3 11. Qxf3 Qc6 12. Qxc6+ Nxc6 13. Bxc4 a5 14. Bb5 Kd7 15. d5 Nxd5 16. Nxd5 Rb8 17. Nc3 e5 18. Rxa5 Kc7 19. Bxc6 Kxc6 20. 0-0 Bb4 21. Ra7 Bxc3 22. bxc3 Rhf8 23. Ba3 Kb6 24. Bxf8 Kxa7 25. Ra1+ Kb7 26. Rb1+ Ka8 27. Rxb8+ Kxb8 28. Bxg7 Kb7 29. Kf1 Kc6 30. Ke2 Kd5 31. Kd3 f5 32. f3 1-0

[Event "Milan Crespi op-C 33rd"]
[Site "Milan"]
[Date "2012.12.06"]
[Round "2"]
[White "Verderame, Alberto"]
[Black "Lipari, Alberto"]
[Result "0-1"]
[WhiteElo "1421"]
[BlackElo "1604"]
[PlyCount "118"]
[EventDate "2012.12.05"]
[EventType "swiss"]
[EventRounds "7"]
[EventCountry "ITA"]
[SourceTitle "EXT 2024"]
[Source "ChessBase"]
[SourceDate "2023.10.10"]
[SourceVersion "1"]
[SourceVersionDate "2023.10.10"]
[SourceQuality "1"]

1. d4 g6 2. c3 Bg7 3. e3 Nf6 4. Bd3 d6 5. Nd2 0-0 6. Ngf3 Nc6 7. b3 Re8 8. 0-0 e5 9. e4 exd4 10. cxd4 Bg4 11. Qc2 Nb4 12. Qc3 c5 13. Bb1 Bxf3 14. Nxf3 Nxe4 15. Bxe4 Rxe4 16. Be3 Nd5 17. Qd3 Nxe3 18. fxe3 Qe7 19. Rae1 Re8 20. dxc5 dxc5 21. h4 Rxe3 22. Rxe3 Qxe3+ 23. Qxe3 Rxe3 24. Ng5 f5 25. h5 Bd4 26. Kh1 Rg3 27. Nh3 Be3 28. Rd1 Bd4 29. hxg6 hxg6 30. Re1 Kf7 31. Kh2 Rg4 32. Kh1 Kf6 33. Re8 Re4 34. Ra8 Re1+ 35. Kh2 Be5+ 36. g3 Re2+ 37. Kg1 Rxa2 38. Nf2 Bxg3 39. Nd3 b6 40. Rc8 Rd2 41. Rd8 b5 42. Rd5 Ke6 43. Rxc5 Rxd3 44. Rxb5 Bd6 45. Kf1 g5 46. Ke2 Rd5 47. Rb7 Bc5 48. b4 Bb6 49. Rb8 f4 50. Re8+ Kf5 51. Kf3 Rd3+ 52. Ke2 Re3+ 53. Rxe3 Bxe3 54. b5 g4 55. b6 axb6 56. Kf1 b5 57. Ke2 b4 58. Kd3 g3 59. Kc4 g2 0-1

[Event "Milan SSM July"]
[Site "Milan"]
[Date "2012.07.01"]
[Round "5"]
[White "Fantina, Carla"]
[Black "Verderame, Alberto"]
[Result "0-1"]
[WhiteElo "1451"]
[BlackElo "1424"]
[PlyCount "48"]
[EventDate "2012.06.28"]
[EventType "swiss"]
[EventRounds "5"]
[EventCountry "ITA"]
[SourceTitle "EXT 2024"]
[Source "ChessBase"]
[SourceDate "2023.10.10"]
[SourceVersion "1"]
[SourceVersionDate "2023.10.10"]
[SourceQuality "1"]

1. c4 Nf6 2. Nc3 c6 3. e4 e5 4. Nf3 d6 5. a3 Qb6 6. Be2 Na6 7. 0-0 Be7 8. Na4 Qd8 9. h3 Nc7 10. d3 0-0 11. Be3 Be6 12. Nc3 Re8 13. Nh2 d5 14. cxd5 cxd5 15. Nxd5 Nfxd5 16. exd5 Nxd5 17. Ng4 Nxe3 18. fxe3 Bd6 19. Rc1 Bd7 20. Qd2 f5 21. Nf2 e4 22. dxe4 Be6 23. exf5 Bh2+ 24. Kxh2 Qxd2 0-1

[Event "Milan SSM July"]
[Site "Milan"]
[Date "2012.06.29"]
[Round "2"]
[White "Verderame, Alberto"]
[Black "Macri`, Vincenzo Roberto"]
[Result "0-1"]
[WhiteElo "1424"]
[BlackElo "1629"]
[PlyCount "24"]
[EventDate "2012.06.28"]
[EventType "swiss"]
[EventRounds "5"]
[EventCountry "ITA"]
[SourceTitle "EXT 2024"]
[Source "ChessBase"]
[SourceDate "2023.10.10"]
[SourceVersion "1"]
[SourceVersionDate "2023.10.10"]
[SourceQuality "1"]

1. d4 e5 2. dxe5 Nc6 3. Nf3 Qe7 4. Bf4 Qb4+ 5. Bd2 Qxb2 6. Bc3 Bb4 7. Kd2 Qxa1 8. e6 dxe6 9. Bxb4 Nxb4 10. a3 Nd5 11. e4 Nb6 12. Nd4 Qxd4+ 0-1